|
|
|
|
| LEADER |
06352cas a2201021 a 4500 |
| 001 |
c000293393 |
| 003 |
CARM |
| 005 |
20090820095726.0 |
| 007 |
cr mnu uuaaa |
| 008 |
760330d19721986nyumr p 0 a0eng d |
| 010 |
|
|
|a 75644575
|
| 016 |
7 |
|
|a 7708244
|2 DNLM
|
| 016 |
7 |
|
|a J35470000
|z J35400000
|2 DNLM
|
| 019 |
1 |
|
|a 909805
|5 LACONCORD2021
|
| 022 |
|
|
|a 0360-6376
|
| 030 |
|
|
|a JPLCAT
|
| 035 |
|
|
|a (OCoLC)2245997
|5 LACONCORD2021
|
| 040 |
|
|
|a DLC
|b eng
|c DLC
|d NSDP
|d DLC
|d NST
|d OCoLC
|d OCoLC
|d OCoLC
|d DLC
|d AIP
|d NST
|d AIP
|d NST
|d AIP
|d NST
|d NSDP
|d NST
|d OCoLC
|d NSDP
|d DLC
|d NST
|d NSDP
|d NST
|d DLC
|d NST
|d MiU
|d NST
|d N
|d DNLM
|d OCoLC
|
| 041 |
0 |
|
|a eng
|b eng
|
| 042 |
|
|
|a lc
|a nsdp
|
| 050 |
0 |
0 |
|a QD471
|b .J6425
|
| 060 |
0 |
0 |
|a W1 JO837NA
|
| 060 |
0 |
0 |
|a W1
|b JO837NA
|
| 082 |
0 |
4 |
|a 547.1225405
|
| 210 |
0 |
|
|a J. polym. sci., Polym. chem. ed
|
| 222 |
|
0 |
|a Journal of polymer science. Polymer chemistry edition
|
| 245 |
0 |
0 |
|a Journal of polymer science.
|p Polymer chemistry edition.
|
| 246 |
3 |
0 |
|a Polymer chemistry edition
|
| 260 |
|
|
|a New York, N.Y. :
|b Interscience Publishers,
|c c1972-c1986.
|
| 300 |
|
|
|a v. :
|b ill. ;
|c 26 cm.
|
| 310 |
|
|
|a Monthly
|
| 362 |
0 |
|
|a Vol. 10, no. 10 (Oct. 1972)-v. 24, no. 1 (Jan. 1986)
|
| 500 |
|
|
|a Title from cover.
|
| 506 |
|
|
|a Electronic full text access restricted to licenced organisations with IP address and password.
|
| 510 |
2 |
|
|a Chemical abstracts,
|x 0009-2258
|
| 530 |
|
|
|a Available in microform from University Microfilms International.
|
| 538 |
|
|
|a System requirements: Internet connectivity, World Wide Web browser, and Adobe Acrobat reader.
|
| 580 |
|
|
|a Continued in 1986 by: Journal of polymer science. Part A, Polymer chemistry.
|
| 650 |
|
0 |
|a Polymers
|v Periodicals.
|
| 650 |
|
0 |
|a Polymerization
|v Periodicals.
|
| 650 |
|
2 |
|a Chemistry
|v Periodicals.
|
| 650 |
|
2 |
|a Polymers
|v Periodicals.
|
| 655 |
|
0 |
|a Electronic journals
|
| 776 |
1 |
|
|c Microfiche
|d University Microfilms International
|w (DLC)(OCoLC)7595545
|
| 780 |
0 |
0 |
|t Journal of polymer science. Part A-1, Polymer chemistry
|x 0449-296X
|w (DLC)(DLC) 68043792
|w (DLC)(OCoLC)2448031
|
| 785 |
1 |
0 |
|t Journal of polymer science. Part A, Polymer chemistry
|x 0887-624X
|w (DLC)(DLC) 86644466
|w (DLC)(OCoLC)13379035
|
| 856 |
4 |
1 |
|u http://www3.interscience.wiley.com/cgi-bin/jhome/103527684
|
| 852 |
8 |
|
|b CARM
|h A3:AE21G0
|i C12172
|p 0531504
|f SE
|
| 852 |
8 |
|
|b CARM
|h A3:AE21G0
|i C12172
|p 0531505
|f SE
|
| 852 |
8 |
|
|b CARM
|h A3:AE21G0
|i C12171
|p 0531507
|f SE
|
| 852 |
8 |
|
|b CARM
|h A3:AE21G0
|i C12171
|p 0531508
|f SE
|
| 852 |
8 |
|
|b CARM
|h A3:AE16F0
|i C12186
|p 0531526
|f SE
|
| 852 |
8 |
|
|b CARM
|h A3:AE16F0
|i C12186
|p 0531527
|f SE
|
| 852 |
8 |
|
|b CARM
|h A3:AE16F0
|i C12186
|p 0531528
|f SE
|
| 852 |
8 |
|
|b CARM
|h A3:AE14F0
|i C12185
|p 0531529
|f SE
|
| 852 |
8 |
|
|b CARM
|h A3:AE14F0
|i C12185
|p 0531530
|f SE
|
| 852 |
8 |
|
|b CARM
|h A3:AE14F0
|i C12183
|p 0531533
|f SE
|
| 852 |
8 |
|
|b CARM
|h A3:AE16F0
|i C12187
|p 0531539
|f SE
|
| 852 |
8 |
|
|b CARM
|h A3:AE16F0
|i C12187
|p 0531540
|f SE
|
| 852 |
8 |
|
|b CARM
|h A3:AE20F0
|i C12203
|p 0533582
|f SE
|
| 852 |
8 |
|
|b CARM
|h A3:AE20F0
|i C12203
|p 0533583
|f SE
|
| 852 |
8 |
|
|b CARM
|h A3:AE20F0
|i C12202
|p 0533584
|f SE
|
| 852 |
8 |
|
|b CARM
|h A3:AE20F0
|i C12202
|p 0533585
|f SE
|
| 852 |
8 |
|
|b CARM
|h A3:AE20F0
|i C12202
|p 0533586
|f SE
|
| 852 |
8 |
|
|b CARM
|h A3:AE20F0
|i C12202
|p 0533587
|f SE
|
| 852 |
8 |
|
|b CARM
|h A3:AE20F0
|i C12201
|p 0533589
|f SE
|
| 866 |
|
0 |
|a 10:10(1972:10)-24:1(1986:01) Inc.
|
| 866 |
|
0 |
|a 10:10(1972:10)-24:1(1986:01) Inc.
|
| 999 |
f |
f |
|i e6e43e4f-1493-5990-a3f5-379d3fb243f0
|s 4f5d03d9-8d1b-5041-900b-84a43e1fc7a5
|
| 952 |
f |
f |
|p Can circulate
|a CAVAL
|b CAVAL
|c CAVAL
|d CARM 1 Store
|e C12202
|f A3:AE20F0
|h Other scheme
|i book
|k 22:1(1984:01)-22:3(1984:03)
|m 0533584
|
| 952 |
f |
f |
|p Can circulate
|a CAVAL
|b CAVAL
|c CAVAL
|d CARM 1 Store
|e C12186
|f A3:AE16F0
|h Other scheme
|i book
|k 12:1(1974:01)-12:4(1974:04)
|m 0531526
|
| 952 |
f |
f |
|p Can circulate
|a CAVAL
|b CAVAL
|c CAVAL
|d CARM 1 Store
|e C12201
|f A3:AE20F0
|h Other scheme
|i book
|k 24:1(1986:01) [bound with succeeding title, Journal of polymer science, part A, polymer chemistry, 0533588]
|m 0533589
|
| 952 |
f |
f |
|p Can circulate
|a CAVAL
|b CAVAL
|c CAVAL
|d CARM 1 Store
|e C12186
|f A3:AE16F0
|h Other scheme
|i book
|k 13:5(1975:05)-13:8(1975:08)
|m 0531527
|
| 952 |
f |
f |
|p Can circulate
|a CAVAL
|b CAVAL
|c CAVAL
|d CARM 1 Store
|e C12185
|f A3:AE14F0
|h Other scheme
|i book
|k 17:1(1979:01)-17:8(1979:08)
|m 0531530
|
| 952 |
f |
f |
|p Can circulate
|a CAVAL
|b CAVAL
|c CAVAL
|d CARM 1 Store
|e C12202
|f A3:AE20F0
|h Other scheme
|i book
|k 18:1(1980:01)-18:7(1980:07)
|m 0533586
|
| 952 |
f |
f |
|p Can circulate
|a CAVAL
|b CAVAL
|c CAVAL
|d CARM 1 Store
|e C12186
|f A3:AE16F0
|h Other scheme
|i book
|k 14:1(1976:01)-15:12(1977:12) + ind.
|m 0531528
|
| 952 |
f |
f |
|p Can circulate
|a CAVAL
|b CAVAL
|c CAVAL
|d CARM 1 Store
|e C12171
|f A3:AE21G0
|h Other scheme
|i book
|k 22:4(1984:04)-22:7(1984:07)
|m 0531508
|
| 952 |
f |
f |
|p Can circulate
|a CAVAL
|b CAVAL
|c CAVAL
|d CARM 1 Store
|e C12187
|f A3:AE16F0
|h Other scheme
|i book
|k 10:10(1972:10)-10:12(1972:12)
|m 0531539
|
| 952 |
f |
f |
|p Can circulate
|a CAVAL
|b CAVAL
|c CAVAL
|d CARM 1 Store
|e C12172
|f A3:AE21G0
|h Other scheme
|i book
|k 20:9(1982:09)-21:12(1983:12) + ind.
|m 0531505
|
| 952 |
f |
f |
|p Can circulate
|a CAVAL
|b CAVAL
|c CAVAL
|d CARM 1 Store
|e C12171
|f A3:AE21G0
|h Other scheme
|i book
|k 18:8(1980:08)-20:8(1982:08) + ind.
|m 0531507
|
| 952 |
f |
f |
|p Can circulate
|a CAVAL
|b CAVAL
|c CAVAL
|d CARM 1 Store
|e C12183
|f A3:AE14F0
|h Other scheme
|i book
|k 12:5(1974:05)-13:4(1975:04)
|m 0531533
|
| 952 |
f |
f |
|p Can circulate
|a CAVAL
|b CAVAL
|c CAVAL
|d CARM 1 Store
|e C12185
|f A3:AE14F0
|h Other scheme
|i book
|k 16:1(1978:01)-16:4(1978:04)
|m 0531529
|
| 952 |
f |
f |
|p Can circulate
|a CAVAL
|b CAVAL
|c CAVAL
|d CARM 1 Store
|e C12202
|f A3:AE20F0
|h Other scheme
|i book
|k 23:1(1985:01)-23:12(1985:12)+ind.
|m 0533587
|
| 952 |
f |
f |
|p Can circulate
|a CAVAL
|b CAVAL
|c CAVAL
|d CARM 1 Store
|e C12203
|f A3:AE20F0
|h Other scheme
|i book
|k 16:5(1978:05)-16:12(1978:12)+ind.
|m 0533582
|
| 952 |
f |
f |
|p Can circulate
|a CAVAL
|b CAVAL
|c CAVAL
|d CARM 1 Store
|e C12202
|f A3:AE20F0
|h Other scheme
|i book
|k 22:8(1984:08)-22:12(1984:12)+ind.
|m 0533585
|
| 952 |
f |
f |
|p Can circulate
|a CAVAL
|b CAVAL
|c CAVAL
|d CARM 1 Store
|e C12203
|f A3:AE20F0
|h Other scheme
|i book
|k 17:9(1979:09)-17:12(1979:12)+ind.
|m 0533583
|
| 952 |
f |
f |
|p Can circulate
|a CAVAL
|b CAVAL
|c CAVAL
|d CARM 1 Store
|e C12187
|f A3:AE16F0
|h Other scheme
|i book
|k 11:4(1973:04)-11:6(1973:06)
|m 0531540
|
| 952 |
f |
f |
|p Can circulate
|a CAVAL
|b CAVAL
|c CAVAL
|d CARM 1 Store
|e C12172
|f A3:AE21G0
|h Other scheme
|i book
|k 11:1(1973:01)-11:3(1973:03), 11:7(1973:07)-11:12(1973:12) + ind.
|m 0531504
|